000 01663nam a2200481 i 4500
001 55795
003 KOSZ 005
005 20220316124604.0
008 040210s2003 pl a f |000 0 pol
015 _aUWD 2004/4482
035 _a991022438449705066
035 _a(PL-WaBN)b16050988-48omnis_nlop
035 _ab16050988
035 _a(OCoLC)749343302
035 _a(PL)b0000001605098
035 _a(EXLNZ-48OMNIS_NETWORK)9910103446805606
040 _aWA N
_cWA N
_dKOSZ 005/HR
041 0 _apol
046 _k2001-
080 _a681.5-505
080 _a(075.8)
100 1 _aGawrysiak, Marek
_d(1946- )
_eAutor
245 1 0 _aAnaliza systemowa urządzenia mechatronicznego /
_cMarek Gawrysiak.
260 _aBiałystok :
_bWydaw. PB,
_c2003.
300 _a204 s. :
_brys., tab. ;
_c23 cm.
336 _aTekst
_btxt
_2rdacontent
337 _aBez urządzenia pośredniczącego
_bn
_2rdamedia
338 _aWolumin
_bnc
_2rdacarrier
380 _aKsiążki
380 _aPublikacje dydaktyczne
385 _mPoziom nauczania
_aSzkoły wyższe
388 _a2001-
490 1 _aRozprawy Naukowe / Politechnika Białostocka,
_x0667-096X,
_vnr 103
650 7 _aAnaliza systemowa
_2DBN
650 7 _aMechatronika
_2DBN
655 7 _aPodręczniki akademickie
_2DBN
658 _aInżynieria i technika
710 2 _aOficyna Wydawnicza Politechniki Białostockiej
_4pbl
830 0 _aRozprawy Naukowe - Politechnika Białostocka
_vnr 103
856 _uhttp://koha.tu.koszalin.pl/cgi-bin/koha/opac-detail.pl?biblionumber=55795
_yKatalog online BPK
942 _2UKD
_cKS
999 _c55795
_d55795